000 00703nam a2200193Ia 4500
003 IN-BaIIA
008 211028s9999 xx 000 0 eng d
040 _cIIA Library
080 _a524.31(063)
_bWOR
111 _aWorkshop on Pulsating B Stars
_cFrance
_d1981 June 1-5
_912476
245 0 _aWorkshop on pulsating B stars
_bproceedings of the Workshop held at Nice Observatory, France, 1981 June 1-5
_cedited by Sterken C.
260 _aFrance
_bNice Observatory
_c1981
300 _a420p.
650 _aAstronomy and astrophysics thesaurus
650 _aB Stars
_912351
700 _aSterken, C., ed.
_912477
710 _aNice Observatory
_912478
942 _cBK
999 _c7293
_d7293